Experiencias de la internacionalización en las Instituciones de Educación Superior (IES) en Latinoamérica. Vol. 3 /
Salvato in:
| Autore principale: | |
|---|---|
| Altri autori: | |
| Natura: | Elettronico eBook |
| Lingua: | spagnolo |
| Pubblicazione: |
Sincelejo, Sucre, Colombia :
Editorial CECAR,
2025.
|
| Serie: | Academia (Editorial CECAR)
|
| Soggetti: | |
| Accesso online: | Digitalia Hispánica |
| Tags: |
Aggiungi Tag
Nessun Tag, puoi essere il primo ad aggiungerne!!
|
MARC
| LEADER | 00000nam a2200000 i 4500 | ||
|---|---|---|---|
| 001 | DIGCECAR0013 | ||
| 003 | NyNyDIG | ||
| 006 | m o d | ||
| 007 | cr ||||||||||| | ||
| 008 | 260518s2025 ck a ob 000 0 spa d | ||
| 035 | |a (OCoLC)1592779502 | ||
| 040 | |a DGITA |b eng |e rda |e pn |c DGITA | ||
| 020 | |a 9786287515499 |q eBook | ||
| 024 | 7 | |a 10.21892/9786287515499 |2 doi | |
| 041 | 0 | |a spa |b spa |b eng | |
| 043 | |a cl----- | ||
| 050 | 1 | 4 | |a LB1090 ebook |
| 245 | 0 | 0 | |a Experiencias de la internacionalización en las Instituciones de Educación Superior (IES) en Latinoamérica. |n Vol. 3 / |c Liliana Álvarez Ruiz [and 3 others], compiladoras ; autores, Jorge Rodolfo Lemos S. [and 16 others]. |
| 264 | 1 | |a Sincelejo, Sucre, Colombia : |b Editorial CECAR, |c 2025. | |
| 300 | |a 1 online resource : |b illustrations. | ||
| 336 | |a text |b txt |2 rdacontent | ||
| 337 | |a computer file |b c |2 rdamedia | ||
| 338 | |a online resource |b cr |2 rdacarrier | ||
| 347 | |a text file |2 rdaft | ||
| 347 | |b PDF | ||
| 490 | 1 | |a Colección Academia | |
| 504 | |a Includes bibliographical references. | ||
| 546 | |a Text in Spanish with abstract in Spanish and English. | ||
| 588 | 0 | |a Online resource; title from PDF title page (Digitalia, viewed May 18, 2026) | |
| 650 | 0 | |a Education, Higher |x International cooperation. | |
| 650 | 0 | |a Education, Higher |z Latin America. | |
| 650 | 0 | |a International education. | |
| 650 | 0 | |a Student mobility. | |
| 700 | 1 | |a Lemos S., Jorge Rodolfo, |e author. | |
| 700 | 1 | |a Álvarez Ruiz, Liliana, |e editor. | |
| 791 | 2 | |a Digitalia (Firm), |e distributor. | |
| 793 | 0 | |g Digitalia eBook Collection: |a Corporación Universitaria del Caribe - CECAR | |
| 830 | 0 | |a Academia (Editorial CECAR) | |
| 856 | 4 | 0 | |3 Digitalia Hispánica |u https://digitalia.unach.elogim.com/a/184661/ |
| 910 | |a Premium collection: 2026 | ||